<?xml version="1.0" encoding="UTF-8"?>
<record
    xmlns:xsi="http://www.w3.org/2001/XMLSchema-instance"
    xsi:schemaLocation="http://www.loc.gov/MARC21/slim http://www.loc.gov/standards/marcxml/schema/MARC21slim.xsd"
    xmlns="http://www.loc.gov/MARC21/slim">

  <leader>00512nam a22001577a 4500</leader>
  <controlfield tag="003">OSt</controlfield>
  <controlfield tag="005">20151027163614.0</controlfield>
  <controlfield tag="008">151027b        xxu||||| |||| 00| 0 eng d</controlfield>
  <datafield tag="040" ind1=" " ind2=" ">
    <subfield code="c">RUA </subfield>
  </datafield>
  <datafield tag="082" ind1=" " ind2=" ">
    <subfield code="a">VTF HAK 2002 B112 Or.1 </subfield>
  </datafield>
  <datafield tag="100" ind1=" " ind2=" ">
    <subfield code="9">2990</subfield>
    <subfield code="a">HAK MAKARA</subfield>
  </datafield>
  <datafield tag="245" ind1=" " ind2=" ">
    <subfield code="a">L'efficacite' d'utilisation des tourteaux de mungo dans l'aliment concentre sur la croissance des poulets de chair a l'univesite royale d'agriculture,</subfield>
  </datafield>
  <datafield tag="260" ind1=" " ind2=" ">
    <subfield code="a">Phnom Penh </subfield>
    <subfield code="b">Rua </subfield>
    <subfield code="c">2002</subfield>
  </datafield>
  <datafield tag="300" ind1=" " ind2=" ">
    <subfield code="a">42p.</subfield>
    <subfield code="b">ill.</subfield>
    <subfield code="c">29cm.</subfield>
  </datafield>
  <datafield tag="942" ind1=" " ind2=" ">
    <subfield code="2">ddc</subfield>
    <subfield code="c">VTF`</subfield>
  </datafield>
  <datafield tag="999" ind1=" " ind2=" ">
    <subfield code="c">2805</subfield>
    <subfield code="d">2805</subfield>
  </datafield>
  <datafield tag="952" ind1=" " ind2=" ">
    <subfield code="0">0</subfield>
    <subfield code="1">0</subfield>
    <subfield code="2">ddc</subfield>
    <subfield code="4">0</subfield>
    <subfield code="6">VTF_HAK_2002_000000000000000_B112_OR_1</subfield>
    <subfield code="7">0</subfield>
    <subfield code="9">13480</subfield>
    <subfield code="a">LBB</subfield>
    <subfield code="b">LBB</subfield>
    <subfield code="c">B112</subfield>
    <subfield code="d">2015-10-27</subfield>
    <subfield code="o">VTF HAK 2002 B112 Or.1</subfield>
    <subfield code="p">RUA017050</subfield>
    <subfield code="r">2015-10-27</subfield>
    <subfield code="w">2015-10-27</subfield>
    <subfield code="y">VTF`</subfield>
  </datafield>
  <datafield tag="952" ind1=" " ind2=" ">
    <subfield code="0">0</subfield>
    <subfield code="1">0</subfield>
    <subfield code="2">ddc</subfield>
    <subfield code="4">0</subfield>
    <subfield code="6">VTF_HAK_2002_000000000000000_B112_OR_2</subfield>
    <subfield code="7">0</subfield>
    <subfield code="9">13481</subfield>
    <subfield code="a">LBB</subfield>
    <subfield code="b">LBB</subfield>
    <subfield code="c">B112</subfield>
    <subfield code="d">2015-10-27</subfield>
    <subfield code="o">VTF HAK 2002 B112 Or.2</subfield>
    <subfield code="p">RUA017254</subfield>
    <subfield code="r">2015-10-27</subfield>
    <subfield code="w">2015-10-27</subfield>
    <subfield code="y">VTF`</subfield>
  </datafield>
  <datafield tag="952" ind1=" " ind2=" ">
    <subfield code="0">0</subfield>
    <subfield code="1">0</subfield>
    <subfield code="2">ddc</subfield>
    <subfield code="4">0</subfield>
    <subfield code="6">VTF_HAK_2002_000000000000000_B112_OR_3</subfield>
    <subfield code="7">0</subfield>
    <subfield code="9">13482</subfield>
    <subfield code="a">LBB</subfield>
    <subfield code="b">LBB</subfield>
    <subfield code="c">B112</subfield>
    <subfield code="d">2015-10-27</subfield>
    <subfield code="o">VTF HAK 2002 B112 Or.3</subfield>
    <subfield code="p">RUA025348</subfield>
    <subfield code="r">2015-10-27</subfield>
    <subfield code="w">2015-10-27</subfield>
    <subfield code="y">VTF`</subfield>
  </datafield>
  <datafield tag="952" ind1=" " ind2=" ">
    <subfield code="0">0</subfield>
    <subfield code="1">0</subfield>
    <subfield code="2">ddc</subfield>
    <subfield code="4">0</subfield>
    <subfield code="6">VTF_HAK_2002_000000000000000_B112_OR_4</subfield>
    <subfield code="7">0</subfield>
    <subfield code="9">13483</subfield>
    <subfield code="a">LBB</subfield>
    <subfield code="b">LBB</subfield>
    <subfield code="c">B112</subfield>
    <subfield code="d">2015-10-27</subfield>
    <subfield code="o">VTF HAK 2002 B112 Or.4</subfield>
    <subfield code="p">RUA020263</subfield>
    <subfield code="r">2015-10-27</subfield>
    <subfield code="w">2015-10-27</subfield>
    <subfield code="y">VTF`</subfield>
  </datafield>
  <datafield tag="952" ind1=" " ind2=" ">
    <subfield code="0">0</subfield>
    <subfield code="1">0</subfield>
    <subfield code="2">ddc</subfield>
    <subfield code="4">0</subfield>
    <subfield code="6">VTF_HAK_2002_000000000000000_B112_OR_5</subfield>
    <subfield code="7">0</subfield>
    <subfield code="9">13484</subfield>
    <subfield code="a">LBB</subfield>
    <subfield code="b">LBB</subfield>
    <subfield code="c">B112</subfield>
    <subfield code="d">2015-10-27</subfield>
    <subfield code="o">VTF HAK 2002 B112 Or.5</subfield>
    <subfield code="p">RUA017081</subfield>
    <subfield code="r">2015-10-27</subfield>
    <subfield code="w">2015-10-27</subfield>
    <subfield code="y">VTF`</subfield>
  </datafield>
  <datafield tag="952" ind1=" " ind2=" ">
    <subfield code="0">0</subfield>
    <subfield code="1">0</subfield>
    <subfield code="2">ddc</subfield>
    <subfield code="4">0</subfield>
    <subfield code="6">VTF_HAK_2002_000000000000000_B112_OR_6</subfield>
    <subfield code="7">0</subfield>
    <subfield code="9">13485</subfield>
    <subfield code="a">LBB</subfield>
    <subfield code="b">LBB</subfield>
    <subfield code="c">B112</subfield>
    <subfield code="d">2015-10-27</subfield>
    <subfield code="o">VTF HAK 2002 B112 Or.6</subfield>
    <subfield code="p">RUA018621</subfield>
    <subfield code="r">2015-10-27</subfield>
    <subfield code="w">2015-10-27</subfield>
    <subfield code="y">VTF`</subfield>
  </datafield>
</record>
